| 000 | 00487nam a2200157Ia 4500 | ||
|---|---|---|---|
| 008 | 231217s9999 xx 000 0 und d | ||
| 041 | _aEnglish | ||
| 082 | _a658.5 CHAS `R' | ||
| 100 | _aChase, Richard B Aquilano, Nicholas J Jacobs, F Robert | ||
| 245 | 0 | _aProduction and operations management: Manufacturing and services | |
| 250 | _a8th ed. | ||
| 260 |
_c1998 _bNew Delhi : TMH, |
||
| 300 | _axv+889 | ||
| 650 | _aProduction management Operations management | ||
| 942 | _cAA | ||
| 999 |
_c167131 _d167131 |
||